Hướng dẫn cách chế biến món ăn cho trẻ em dưới sáu tuổi
Guardado en:
| Autor principal: | |
|---|---|
| Formato: | Libro |
| Lenguaje: | Undetermined |
| Publicado: |
H.
ĐH Quốc gia Hà Nội
1999
|
| Materias: | |
| Acceso en línea: | http://lrc.tdmu.edu.vn/opac/search/detail.asp?aID=2&ID=4251 |
| Etiquetas: |
Agregar Etiqueta
Sin Etiquetas, Sea el primero en etiquetar este registro!
|
| Thư viện lưu trữ: | Trung tâm Học liệu Trường Đại học Thủ Dầu Một |
|---|
| LEADER | 00713nam a2200193Ia 4500 | ||
|---|---|---|---|
| 001 | TDMU_4251 | ||
| 008 | 210410s9999 xx 000 0 und d | ||
| 082 | |a 372.21 | ||
| 090 | |b V500 | ||
| 100 | |a Vụ giáo dục mầm non | ||
| 245 | 0 | |a Hướng dẫn cách chế biến món ăn cho trẻ em dưới sáu tuổi | |
| 245 | 0 | |c Vụ giáo dục mầm non | |
| 260 | |a H. | ||
| 260 | |b ĐH Quốc gia Hà Nội | ||
| 260 | |c 1999 | ||
| 300 | |a 96tr. | ||
| 650 | |a Nấu ăn |x Chế biến; Giáo dục mầm non |x Dinh dưỡng | ||
| 856 | |u http://lrc.tdmu.edu.vn/opac/search/detail.asp?aID=2&ID=4251 | ||
| 980 | |a Trung tâm Học liệu Trường Đại học Thủ Dầu Một | ||